| 000 | 00436nmm a2200157Ia 4500 | ||
|---|---|---|---|
| 008 | 251105s9999||||xx |||||||||||||||||und|| | ||
| 041 | _aspa | ||
| 100 | _aBlasco Ibáñez, Vicente | ||
| 245 | 0 | _aEl paraíso de las mujeres | |
| 264 |
_a[Madrid, España] : _bLinkgua, _c2011 |
||
| 300 | _a236 páginas | ||
| 490 | _aNarrativa | ||
| 650 | _aSpanish narrative | ||
| 856 | _uhttps://public.digitaliapublishing.com/a/14873 | ||
| 942 | _cCF | ||
| 999 |
_c99990 _d99990 |
||